[Event "Niederoesterreichische Landesliga 2014/2015"]
[Site "NOE"]
[Date "2015.03.01"]
[Round "9"]
[Board "3"]
[White "Schmid, Thomas"]
[Black "Lechner, Daniel"]
[Result "1/2-1/2"]
[WhiteElo "2193"]
[BlackElo "2211"]
[PlyCount "98"]
[EventDate "2014.10.05"]
[EventType "team"]
[EventRounds "11"]
[EventCountry "AUT"]
[WhiteTeam "SV Stockerau 2"]
[BlackTeam "Sparkasse Bad Voeslau/Kottingbrunn"]

1. e4 c5 2. Nf3 d6 3. Bb5+ Bd7 4. Bxd7+ Qxd7 5. c4 Nf6 6. Nc3 g6 7. d4 cxd4
8. Nxd4 Bg7 9. h3 O-O 10. Be3 Nc6 11. O-O a6 12. Rc1 Rfc8 13. b3 Qd8 14. a4 e6
15. Qd2 Qa5 16. Rfd1 Ne8 17. Rb1 Qb4 18. Nce2 Rab8 19. Qd3 Nxd4 20. Nxd4 Qa5
21. Qd2 Qe5 22. Qd3 Nf6 23. Nf3 Qxe4 24. Qxd6 Qc6 25. Ba7 Ra8 26. Qxc6 bxc6 27.
Bd4 c5 28. Be5 Ne4 29. Bxg7 Kxg7 30. Rd3 Rd8 31. Rbd1 Rxd3 32. Rxd3 Kf6 33. Kf1
Rb8 34. Ke2 h6 35. Ke3 Ng5 36. Nxg5 hxg5 37. a5 Ke7 38. Kd2 Rh8 39. Kc3 Rh4 40.
b4 cxb4+ 41. Kxb4 Re4 42. Kc5 Re2 43. Kb6 Rxf2 44. c5 Rb2+ 45. Kxa6 Rc2 46. Kb6
Rb2+ 47. Kc6 Ra2 48. Kb6 Rb2+ 49. Kc7 Ra2  1/2-1/2

[Event "Niederoesterreichische Landesliga 2014/2015"]
[Site "NOE"]
[Date "2015.03.01"]
[Round "9"]
[Board "4"]
[White "Lampl, Gerald"]
[Black "Pernerstorfer, Johannes"]
[Result "1-0"]
[WhiteElo "2141"]
[BlackElo "2121"]
[PlyCount "93"]
[EventDate "2014.10.05"]
[EventType "team"]
[EventRounds "11"]
[EventCountry "AUT"]
[WhiteTeam "Sparkasse Bad Voeslau/Kottingbrunn"]
[BlackTeam "SV Stockerau 2"]

1. d4 Nf6 2. c4 e6 3. Nf3 b6 4. g3 Bb7 5. Bg2 Bb4+ 6. Bd2 Qe7 7. O-O Bxd2 8.
Qxd2 d6 9. Qc2 Be4 10. Qa4+ Qd7 11. Qa3 O-O 12. Nbd2 Bb7 13. Rfd1 Nc6 14. e4 e5
15. d5 Ne7 16. Nh4 Qg4 17. Nf1 Bc8 18. Ne3 Qg5 19. Rf1 Nh5 20. Nf3 Qh6 21. Nxe5
f5 22. exf5 Nxf5 23. N3g4 Qg5 24. f4 Qe7 25. Nc6 Qe2 26. Nf2 Nf6 27. Rfe1 Qh5
28. Qd3 Bd7 29. Bh3 Nh6 30. Bxd7 Nxd7 31. Qe2 Qf7 32. Qe6 Nc5 33. Qxf7+ Rxf7
34. b4 Nd7 35. Ne4 a5 36. Ng5 Rff8 37. bxa5 bxa5 38. Ne6 Rfc8 39. Ne7+ Kf7 40.
Nxc8 Rxc8 41. Ng5+ Kg6 42. Re6+ Nf6 43. Rb1 Nf5 44. Rb7 c6 45. g4 Nd4 46. h4
Nxe6 47. f5+  1-0

[Event "Niederoesterreichische Landesliga 2014/2015"]
[Site "NOE"]
[Date "2015.03.01"]
[Round "9"]
[Board "2"]
[White "Lipp, Alfred"]
[Black "Kleiser, Gregor"]
[Result "1-0"]
[WhiteElo "2119"]
[BlackElo "2300"]
[PlyCount "87"]
[EventDate "2014.10.05"]
[EventType "team"]
[EventRounds "11"]
[EventCountry "AUT"]
[WhiteTeam "SK Zwettl 2"]
[BlackTeam "SGM Voest Krems"]

1. c4 c6 2. d4 d5 3. Nf3 Nf6 4. Nc3 e6 5. e3 Nbd7 6. Qc2 Bd6 7. b3 O-O 8. Be2
b6 9. O-O Bb7 10. Bb2 Rc8 11. Rad1 Qe7 12. e4 Nxe4 13. Nxe4 dxe4 14. Qxe4 Nf6
15. Qh4 Ba3 16. Ba1 Rfd8 17. Bd3 h6 18. Rfe1 Nh7 19. Qh3 Qc7 20. Re3 c5 21. d5
exd5 22. cxd5 b5 23. d6 Qb6 24. Bxh7+ Kxh7 25. Qf5+ Kg8 26. Re7 Rf8 27. Qe5 f6
28. Qe6+ Kh8 29. Qg4 Rg8 30. Nh4 Qc6 31. Ng6+ Kh7 32. Rxb7 Qxb7 33. Qf5 Rgd8
34. Ne7+ Kh8 35. Ng6+ Kh7 36. Bxf6 Qf7 37. Ne5+ g6 38. Nxf7 gxf5 39. Nxd8 c4
40. d7 Ra8 41. bxc4 Kg6 42. Bh4 bxc4 43. Nc6 c3 44. Nd4  1-0

[Event "Niederoesterreichische Landesliga 2014/2015"]
[Site "NOE"]
[Date "2015.03.01"]
[Round "9"]
[Board "3"]
[White "Wasl, Ernst"]
[Black "Zwettler, Martin"]
[Result "0-1"]
[WhiteElo "2093"]
[BlackElo "2206"]
[PlyCount "48"]
[EventDate "2014.10.05"]
[EventType "team"]
[EventRounds "11"]
[EventCountry "AUT"]
[WhiteTeam "SGM Voest Krems"]
[BlackTeam "SK Zwettl 2"]

1. d4 e6 2. c4 b6 3. e4 Bb7 4. f3 Bb4+ 5. Kf2 e5 6. a3 Be7 7. dxe5 Bc5+ 8. Kg3
Nc6 9. f4 f6 10. Nf3 fxe5 11. fxe5 a5 12. Nc3 Nge7 13. Nd5 O-O 14. h4 Nxe5 15.
Bg5 Nxf3 16. gxf3 Bxd5 17. cxd5 h6 18. Bd2 Ng6 19. f4 Qf6 20. f5 Rae8 21. Bg2
Bd6+ 22. Kf2 Nxh4 23. Qg4 Qd4+ 24. Kf1 Rxf5+  0-1

[Event "Niederoesterreichische Landesliga 2014/2015"]
[Site "NOE"]
[Date "2015.03.01"]
[Round "9"]
[Board "4"]
[White "Stadler, Peter"]
[Black "Winiwarter, Felix"]
[Result "1-0"]
[WhiteElo "2147"]
[BlackElo "2162"]
[PlyCount "115"]
[EventDate "2014.10.05"]
[EventType "team"]
[EventRounds "11"]
[EventCountry "AUT"]
[WhiteTeam "SK Zwettl 2"]
[BlackTeam "SGM Voest Krems"]

1. d4 Nf6 2. Nf3 c5 3. c4 cxd4 4. Nxd4 e5 5. Nb5 d5 6. cxd5 a6 7. N5c3 Bc5 8.
e3 O-O 9. Be2 Re8 10. e4 Nbd7 11. O-O Nf8 12. Nd2 Ng6 13. Nc4 b5 14. Nd2 Nf4
15. Bf3 g5 16. Nb3 Bb6 17. h3 h5 18. Bxf4 gxf4 19. Nd2 Kg7 20. b4 Kh6 21. Nb3
Rg8 22. Kh1 Bxh3 23. gxh3 Qc8 24. Kh2 Ng4+ 25. hxg4 hxg4 26. Bg2 Qd8 27. Nc5
Qh4+ 28. Kg1 f3 29. Qd3 Rg5 30. Rfd1 Rag8 31. Kf1 fxg2+ 32. Kxg2 g3 33. Rh1
gxf2+ 34. Kf3 Rg3+ 35. Ke2 Rxd3 36. Rxh4+ Kg5 37. Kxd3 Kxh4 38. Rf1 Rg3+ 39.
Kd2 Rf3 40. Nd1 Kg3 41. Ke2 Ra3 42. Nxf2 Rxa2+ 43. Ke1 a5 44. Nd1 axb4 45. Nd3
b3 46. Rxf7 Ra4 47. Rb7 Ba5+ 48. Kf1 Ra1 49. Ke2 Ra2+ 50. N3b2 Bc3 51. Nxc3
Rxb2+ 52. Kd3 Rh2 53. Rxb5 b2 54. Nd1 Kf4 55. Nxb2 Rh3+ 56. Kc4 Kxe4 57. d6 Rh8
58. Nd3  1-0

[Event "Niederoesterreichische Landesliga 2014/2015"]
[Site "NOE"]
[Date "2015.03.01"]
[Round "9"]
[Board "1"]
[White "Wagner, Stefan"]
[Black "Rumpl, Erwin"]
[Result "1-0"]
[WhiteElo "2121"]
[BlackElo "2314"]
[PlyCount "191"]
[EventDate "2014.10.05"]
[EventType "team"]
[EventRounds "11"]
[EventCountry "AUT"]
[WhiteTeam "Litschau/Eisgarn"]
[BlackTeam "SV Amstetten"]

1. Nf3 Nf6 2. d4 e6 3. g3 d5 4. Bg2 Be7 5. O-O O-O 6. Nbd2 b5 7. a4 b4 8. c4
bxc3 9. bxc3 Ba6 10. Re1 c5 11. e4 Nc6 12. Ne5 Na5 13. exd5 Nxd5 14. dxc5 Nxc3
15. Qf3 Nd5 16. Ba3 Rc8 17. Rac1 Bb7 18. Ne4 f6 19. Nc4 Nxc4 20. Rxc4 f5 21.
Qb3 Ba6 22. Nc3 Bxc4 23. Qxc4 Nxc3 24. Rxe6 Kh8 25. Qxc3 Bf6 26. Qc2 Qd4 27. c6
Qa1+ 28. Qc1 Qxc1+ 29. Bxc1 Rfe8 30. Rxe8+ Rxe8 31. Be3 a6 32. c7 Be5 33. Bb6
Bd6 34. Kf1 f4 35. Bc6 Rg8 36. Bb7 Bxc7 37. Bxc7 fxg3 38. hxg3 a5 39. Bxa5 Rb8
40. Bc6 Rb1+ 41. Kg2 h5 42. Bd8 Rd1 43. Bg5 Ra1 44. Kf3 Kh7 45. Bd2 Ra2 46. Ke2
g5 47. a5 h4 48. gxh4 gxh4 49. Be4+ Kg7 50. Bd5 Ra4 51. Bg2 Ra3 52. f3 Kf6 53.
Bh3 Ke5 54. Bc8 Kd4 55. a6 h3 56. Bxh3 Rxa6 57. Be3+ Ke5 58. f4+ Ke4 59. Bg2+
Kf5 60. Kf3 Ra4 61. Bh3+ Kf6 62. Bd7 Rc4 63. Bf2 Rc7 64. Bh4+ Kg6 65. Be8+ Kf5
66. Bf2 Rb7 67. Bc6 Rb3+ 68. Be3 Rb4 69. Bd7+ Kf6 70. Kg4 Rc4 71. Bf2 Rc7 72.
Bh4+ Kf7 73. Bf5 Rc5 74. Kg5 Rb5 75. Bf2 Rd5 76. Bb6 Ke7 77. Bc7 Rd1 78. Bg4
Rg1 79. f5 Kf7 80. Be5 Rg2 81. f6 Rg1 82. Kf5 Rf1+ 83. Kg5 Rg1 84. Bd4 Rg2 85.
Kf5 Rh2 86. Bf3 Rc2 87. Bh5+ Kf8 88. Be3 Rc7 89. Bh6+ Kg8 90. Bf3 Ra7 91. Bd5+
Kh7 92. Bf4 Ra5 93. Ke6 Ra6+ 94. Bd6 Ra1 95. f7 Re1+ 96. Kd7  1-0

[Event "Niederoesterreichische Landesliga 2014/2015"]
[Site "NOE"]
[Date "2015.03.01"]
[Round "9"]
[Board "2"]
[White "Rechberger, Franz"]
[Black "Plasil, Jiri"]
[Result "0-1"]
[WhiteElo "2059"]
[BlackElo "2120"]
[PlyCount "100"]
[EventDate "2014.10.05"]
[EventType "team"]
[EventRounds "11"]
[EventCountry "AUT"]
[WhiteTeam "SV Amstetten"]
[BlackTeam "Litschau/Eisgarn"]

1. d4 d5 2. c4 c6 3. Nc3 e6 4. e3 f5 5. Nf3 Nf6 6. Be2 Bd6 7. Rb1 a5 8. cxd5
exd5 9. Ne5 O-O 10. f4 Ne4 11. O-O Be6 12. Bd2 Nxd2 13. Qxd2 Nd7 14. Qe1 Be7
15. Bd3 Nf6 16. Be2 Qd6 17. Rc1 Rfc8 18. Na4 Qd8 19. Nc5 Bxc5 20. Rxc5 Ne4 21.
Rc2 c5 22. dxc5 Rxc5 23. Rxc5 Nxc5 24. Qc3 Rc8 25. Qd4 Ne4 26. Rd1 Qc7 27. Bf3
g6 28. Bxe4 dxe4 29. a3 Qc5 30. Qxc5 Rxc5 31. Rd2 Rc7 32. Kf2 Kf8 33. h3 Ke7
34. g4 Rc1 35. Re2 b5 36. Kg3 b4 37. axb4 axb4 38. b3 Rc3 39. Ra2 Rxe3+ 40. Kh4
Rxb3 41. Ra7+ Kd6 42. Rxh7 e3 43. Kg3 Bd5 44. Rh6 Rb1 45. Rxg6+ Ke7 46. gxf5
Rg1+ 47. Kh4 Rxg6 48. Nxg6+ Kf6 49. Kg3 b3 50. Ne7 Kxe7  0-1

[Event "Niederoesterreichische Landesliga 2014/2015"]
[Site "NOE"]
[Date "2015.03.01"]
[Round "9"]
[Board "3"]
[White "Popelka, Oldrich"]
[Black "Bachmayer, Josef"]
[Result "1-0"]
[WhiteElo "2080"]
[BlackElo "2076"]
[PlyCount "55"]
[EventDate "2014.10.05"]
[EventType "team"]
[EventRounds "11"]
[EventCountry "AUT"]
[WhiteTeam "Litschau/Eisgarn"]
[BlackTeam "SV Amstetten"]

1. c4 g6 2. Nc3 Bg7 3. g3 f5 4. d4 e6 5. Bg2 Nf6 6. Nf3 O-O 7. O-O d6 8. b4 Nc6
9. b5 Ne7 10. Qb3 h6 11. Ba3 Kh7 12. Rac1 g5 13. c5 Ned5 14. cxd6 cxd6 15. Nd2
Re8 16. e4 Nb6 17. exf5 exf5 18. Rfe1 Re7 19. Nc4 Nxc4 20. Qxc4 Bf8 21. Nd5
Nxd5 22. Qxd5 Rg7 23. Rc3 Qa5 24. Rec1 Bd7 25. Bxd6 Bxd6 26. Qxd6 Bxb5 27. Rc7
Rag8 28. Bd5  1-0

[Event "Niederoesterreichische Landesliga 2014/2015"]
[Site "NOE"]
[Date "2015.03.01"]
[Round "9"]
[Board "4"]
[White "Kreischer, Georg"]
[Black "Ptacnik, Pavel"]
[Result "1/2-1/2"]
[WhiteElo "2099"]
[BlackElo "2015"]
[PlyCount "86"]
[EventDate "2014.10.05"]
[EventType "team"]
[EventRounds "11"]
[EventCountry "AUT"]
[WhiteTeam "SV Amstetten"]
[BlackTeam "Litschau/Eisgarn"]

1. e4 c5 2. Nf3 d6 3. Nc3 Nf6 4. d3 e6 5. g3 Be7 6. Bg2 O-O 7. O-O Nc6 8. Bd2
a6 9. Ne1 d5 10. Rb1 b5 11. Bg5 dxe4 12. Bxf6 gxf6 13. Nxe4 Bb7 14. Qg4+ Kh8
15. Qh5 f5 16. Nd2 Rb8 17. Ndf3 Bf6 18. Qh6 Rg8 19. Qe3 Qd6 20. Qe2 Rg7 21. c3
Rd8 22. Rd1 b4 23. Qc2 a5 24. c4 Rg4 25. Rb1 Qd7 26. Qe2 Nd4 27. Nxd4 Rxd4 28.
Bxb7 Qxb7 29. f4 R4d6 30. Qf3 Qd7 31. Kg2 a4 32. Rf2 Ra6 33. Qe2 a3 34. b3 Rd6
35. Rf3 Qc6 36. Rd1 Bc3 37. Kf1 R6d7 38. Ng2 Qd6 39. Qe3 Qf8 40. Qe2 Qh6 41.
Ne1 Qh3+ 42. Qg2 Qg4 43. Qe2 Qh3+  1/2-1/2

[Event "Niederoesterreichische Landesliga 2014/2015"]
[Site "NOE"]
[Date "2015.03.01"]
[Round "9"]
[Board "1"]
[White "Schmidrathner, Christian"]
[Black "Hofmann, Thomas"]
[Result "0-1"]
[WhiteElo "2075"]
[BlackElo "2195"]
[PlyCount "64"]
[EventDate "2014.10.05"]
[EventType "team"]
[EventRounds "11"]
[EventCountry "AUT"]
[WhiteTeam "SG Bisamberg/Korneuburg"]
[BlackTeam "SV Mistelbach"]

1. e4 e5 2. Nf3 Nc6 3. Bb5 a6 4. Ba4 Nf6 5. O-O Nxe4 6. Re1 Nc5 7. Bxc6
dxc6 8. Nxe5 Be7 9. Qh5 O-O 10. d4 Qxd4 11. Nc3 Qh4 12. Qf3 Bd6 13. Bf4 Qf6 14.
Ne4 Nxe4 15. Rxe4 Bf5 16. Re2 Rae8 17. Rae1 Re7 18. c3 Rfe8 19. Qg3 h6 20. h3
Kh7 21. h4 Bc8 22. Re4 Qf5 23. Qh2 Bxe5 24. Bxe5 f6 25. g4 Qg6 26. h5 Qf7 27.
g5 hxg5 28. f4 gxf4 29. Rxf4 Rxe5 30. Qc2+ Bf5 31. Rxf5 Rxe1+ 32. Rf1+ Kg8  0-1

[Event "Niederoesterreichische Landesliga 2014/2015"]
[Site "NOE"]
[Date "2015.03.01"]
[Round "9"]
[Board "2"]
[White "Vrana, Frantisek"]
[Black "Pammer, Andreas"]
[Result "1/2-1/2"]
[WhiteElo "2249"]
[BlackElo "2103"]
[PlyCount "46"]
[EventDate "2014.10.05"]
[EventType "team"]
[EventRounds "11"]
[EventCountry "AUT"]
[WhiteTeam "SV Mistelbach"]
[BlackTeam "SG Bisamberg/Korneuburg"]

1. d4 Nf6 {0.00/0 0} 2. Nf3 g6 3. c4 Bg7 4. Nc3 d5 5. Bf4 O-O 6. e3 c5 7.
dxc5 Qa5 8. Rc1 Rd8 9. Qa4 Qxc5 10. b4 Qc6 11. Qb3 e6 12. c5 Ne4 13. Ne5 Qe8
14. Bb5 Nc6 15. Nxe4 dxe4 16. Bxc6 bxc6 17. Qa4 f6 18. Nc4 e5 19. Bg3 Bf8 20.
O-O Be6 21. Qa6 Bd5 22. Rfd1 Qe6 23. Na5 Qc8  1/2-1/2

[Event "Niederoesterreichische Landesliga 2014/2015"]
[Site "NOE"]
[Date "2015.03.01"]
[Round "9"]
[Board "3"]
[White "Wetscherek, Gerhard"]
[Black "Wolfram, Bernd"]
[Result "1-0"]
[WhiteElo "2077"]
[BlackElo "2228"]
[PlyCount "55"]
[EventDate "2014.10.05"]
[EventType "team"]
[EventRounds "11"]
[EventCountry "AUT"]
[WhiteTeam "SG Bisamberg/Korneuburg"]
[BlackTeam "SV Mistelbach"]

1. e4 c5 2. Nf3 Nc6 3. c3 Qa5 4. Bc4 e6 5. O-O b5 6. Be2 Nf6 7. e5 Nd5 8. d4
cxd4 9. cxd4 d6 10. Nc3 Nxc3 11. bxc3 d5 12. Bd2 Qb6 13. Qb1 a6 14. Qd3 Bd7 15.
Rfb1 Na5 16. a4 Rb8 17. Qe3 Be7 18. Qf4 O-O 19. axb5 axb5 20. h4 Nc4 21. Bc1
Ra8 22. Bd3 Ra5 23. Qg4 f5 24. exf6 Bxf6 25. Ng5 h6 26. Nh7 Rf7 27. Bxh6 e5 28.
Qg6  1-0

[Event "Niederoesterreichische Landesliga 2014/2015"]
[Site "NOE"]
[Date "2015.03.01"]
[Round "9"]
[Board "4"]
[White "Teuber, Andreas"]
[Black "Sulzgruber, Robin"]
[Result "1/2-1/2"]
[WhiteElo "2176"]
[BlackElo "1973"]
[PlyCount "158"]
[EventDate "2014.10.05"]
[EventType "team"]
[EventRounds "11"]
[EventCountry "AUT"]
[WhiteTeam "SV Mistelbach"]
[BlackTeam "SG Bisamberg/Korneuburg"]

1. d4 Nf6 2. c4 g6 3. g3 c6 4. Bg2 d5 5. b3 dxc4 6. bxc4 c5 7.
e3 Bg7 8. Bb2 Qb6 9. Qb3 Nfd7 10. Ne2 Nc6 11. Nd2 O-O 12. Rb1 Qxb3 13. axb3 Nb4
14. O-O Rb8 15. Bc3 a5 16. Bxb4 axb4 17. Ra1 b5 18. Ra7 bxc4 19. Nxc4 cxd4 20.
Nxd4 Bxd4 21. exd4 e6 22. Rc1 Nf6 23. Ne5 Nd5 24. Nc6 Rb7 25. Bxd5 exd5 26.
Rxb7 Bxb7 27. Nxb4 Bc8 28. Nxd5 Be6 29. Ne7+ Kg7 30. d5 Bh3 31. f3 Rb8 32. Rc3
Rb5 33. Kf2 Kf6 34. Re3 Bd7 35. g4 Rb7 36. h4 h6 37. Kg3 Rb4 38. Nc6 Rb5 39.
Rd3 Rb7 40. Na5 Rb4 41. Nc4 Bb5 42. d6 Ke6 43. Re3+ Kf6 44. Re7 Rxb3 45. g5+
hxg5 46. hxg5+ Kxg5 47. d7 Rd3 48. Re5+ Kf6 49. Rxb5 Rxd7 50. Rb6+ Kg5 51. Kf2
Re7 52. Ne3 Rd7 53. Rb5+ Kf6 54. Ng4+ Kg7 55. Rb6 Re7 56. Kg3 Ra7 57. Rd6 Rb7
58. Ne5 Rb5 59. Nc4 Rg5+ 60. Kf4 Rf5+ 61. Ke4 Rh5 62. Ne5 Rh4+ 63. Ke3 Rh5 64.
f4 Rf5 65. Ke4 Rh5 66. Rd7 Rf5 67. Nf3 Rf6 68. Ng5 Rf5 69. Rc7 Rf6 70. Rb7 Rf5
71. Ne6+ Kf6 72. Nd4 Rh5 73. Rb5 Rh8 74. Nf3 Re8+ 75. Ne5 Re7 76. Rb6+ Kg7 77.
Rd6 Kh6 78. Rd7 Rxd7 79. Nxd7 f5+  1/2-1/2

[Event "Niederoesterreichische Landesliga 2014/2015"]
[Site "NOE"]
[Date "2015.03.01"]
[Round "9"]
[Board "1"]
[White "Sharashenidze, Akaki"]
[Black "Menezes, Christoph"]
[Result "1/2-1/2"]
[WhiteElo "2304"]
[BlackElo "2329"]
[PlyCount "37"]
[EventDate "2014.10.05"]
[EventType "team"]
[EventRounds "11"]
[EventCountry "AUT"]
[WhiteTeam "SK Advisory Invest Baden 2"]
[BlackTeam "Schachklub Mostarrichi"]

1. e4 e5 2. Nf3 Nc6 3. Bc4 Bc5 4. c3 Nf6 5. d3 O-O 6. O-O d5 7. exd5 Nxd5 8. b4
Be7 9. b5 Na5 10. Nxe5 Bf6 11. Re1 Bxe5 12. Rxe5 Nxc4 13. dxc4 Nb6 14. Qe2 Be6
15. Nd2 Qf6 16. a4 Rfd8 17. Nf3 Bxc4 18. Qe1 h6 19. Ba3  1/2-1/2

[Event "Niederoesterreichische Landesliga 2014/2015"]
[Site "NOE"]
[Date "2015.03.01"]
[Round "9"]
[Board "2"]
[White "Steiner, Heinz"]
[Black "Lendwai, Reinhard"]
[Result "1/2-1/2"]
[WhiteElo "2108"]
[BlackElo "2350"]
[PlyCount "43"]
[EventDate "2014.10.05"]
[EventType "team"]
[EventRounds "11"]
[EventCountry "AUT"]
[WhiteTeam "Schachklub Mostarrichi"]
[BlackTeam "SK Advisory Invest Baden 2"]

1. c4 c5 2. Nc3 Nf6 3. Nf3 Nc6 4. e4 e5 5. d3 h6 6. Be2 d6 7. h3 g6 8. a3 Bg7
9. Rb1 O-O 10. b4 Ne8 11. Nd5 f5 12. Be3 Nd4 13. Nxd4 cxd4 14. Bd2 Nf6 15. Bf3
fxe4 16. dxe4 Nxd5 17. cxd5 Qf6 18. Qe2 Bd7 19. Bg4 d3 20. Qe3 Ba4 21. O-O Bc2
22. Rb2  1/2-1/2

[Event "Niederoesterreichische Landesliga 2014/2015"]
[Site "NOE"]
[Date "2015.03.01"]
[Round "9"]
[Board "4"]
[White "Ehs, Dominik"]
[Black "Juenger, Heinz"]
[Result "0-1"]
[WhiteElo "2056"]
[BlackElo "2117"]
[PlyCount "64"]
[EventDate "2014.10.05"]
[EventType "team"]
[EventRounds "11"]
[EventCountry "AUT"]
[WhiteTeam "Schachklub Mostarrichi"]
[BlackTeam "SK Advisory Invest Baden 2"]

1. e4 c5 2. Nf3 Nc6 3. d4 cxd4 4. Nxd4 Nf6 5. Nc3 e5 6. Ndb5 h6 7. Nd6+ Bxd6 8.
Qxd6 Qe7 9. Qxe7+ Kxe7 10. Be3 d6 11. f3 Be6 12. O-O-O Rhc8 13. Kb1 a6 14. g4
b5 15. h4 Nd7 16. Rh2 Na5 17. Nd5+ Bxd5 18. Rxd5 Nc4 19. Bxc4 Rxc4 20. g5 hxg5
21. hxg5 Rc6 22. Rh7 g6 23. Rh2 Nc5 24. f4 exf4 25. Bxf4 Nxe4 26. Re2 Ke6 27.
Rxd6+ Rxd6 28. Bxd6 Kf5 29. Bb4 Re8 30. Rg2 Re5 31. Ba5 Ke6 32. a4 Rxg5  0-1

[Event "Niederoesterreichische Landesliga 2014/2015"]
[Site "NOE"]
[Date "2015.03.15"]
[Round "10"]
[Board "1"]
[White "Menezes, Christoph"]
[Black "Wetscherek, Gerhard"]
[Result "1/2-1/2"]
[WhiteElo "2329"]
[BlackElo "2077"]
[PlyCount "142"]
[EventDate "2014.10.05"]
[EventType "team"]
[EventRounds "11"]
[EventCountry "AUT"]
[WhiteTeam "Schachklub Mostarrichi"]
[BlackTeam "SG Bisamberg/Korneuburg"]

1. Nf3 d6 2. d4 g6 3. c4 Bg7 4. Nc3 c6 5. g3 Bg4 6. Bg2 Nf6 7. O-O Qc7 8. d5
O-O 9. Nd4 c5 10. Nc2 Qc8 11. Re1 Bh3 12. Bh1 h5 13. e4 Nbd7 14. Bd2 Ne5 15.
Qe2 Qd7 16. f3 Rae8 17. Nd1 e6 18. Nf2 exd5 19. cxd5 c4 20. f4 Nd3 21. Nxd3 Bg4
22. Qf1 Bh3 23. Bg2 Bxg2 24. Kxg2 Nxe4 25. Ne5 dxe5 26. Bb4 Nd2 27. Qe2 Qxd5+
28. Kf2 exf4 29. Qxd2 fxg3+ 30. hxg3 Qf5+ 31. Kg2 Rd8 32. Qf2 Qxf2+ 33. Kxf2
Rfe8 34. Rxe8+ Rxe8 35. Bc3 Rd8 36. Bxg7 Rd2+ 37. Ke3 Rd3+ 38. Ke2 Kxg7 39. Ne3
Rd4 40. Rf1 b5 41. Rf5 a6 42. Rxh5 c3 43. bxc3 Ra4 44. Rc5 Rxa2+ 45. Kd3 f5 46.
Rc6 Ra4 47. Ke2 Ra3 48. Kf2 a5 49. Nd5 Rb3 50. Nf4 a4 51. Nxg6 b4 52. cxb4 Rxb4
53. Nh4 f4 54. Nf5+ Kf7 55. g4 a3 56. Ra6 a2 57. Kf3 Rb6 58. Rxa2 Kf6 59. Kxf4
Rb4+ 60. Kf3 Kg5 61. Ra5 Rf4+ 62. Ke3 Rxg4 63. Ng3+ Kg6 64. Ne4 Rg1 65. Ra6+
Kf5 66. Ra5+ Ke6 67. Nf2 Re1+ 68. Kd4 Rc1 69. Nd3 Rb1 70. Ke4 Rh1 71. Ra6+ Ke7 Rest unleserlich
1/2-1/2 (109) 1/2-1/2

[Event "Niederoesterreichische Landesliga 2014/2015"]
[Site "NOE"]
[Date "2015.03.15"]
[Round "10"]
[Board "2"]
[White "Pammer, Andreas"]
[Black "Knoll, Hermann"]
[Result "0-1"]
[WhiteElo "2103"]
[BlackElo "2307"]
[PlyCount "58"]
[EventDate "2014.10.05"]
[EventType "team"]
[EventRounds "11"]
[EventCountry "AUT"]
[WhiteTeam "SG Bisamberg/Korneuburg"]
[BlackTeam "Schachklub Mostarrichi"]

1. c4 Nf6 2. Nc3 g6 3. e4 d6 4. d4 Bg7 5. h3 O-O 6. Bg5 Na6 7. Nf3 e5 8. d5 c6
9. Be2 cxd5 10. cxd5 Bd7 11. O-O h6 12. Be3 Qb8 13. Nd2 b5 14. a3 Nc5 15. b4
Na4 16. Rc1 Nb6 17. Nb3 Nc4 18. Bxc4 bxc4 19. Na5 Rc8 20. f3 Nh5 21. Qd2 Nf4
22. Qa2 Qc7 23. Nb1 Qd8 24. Kh2 Qh4 25. Qf2 Qxf2 26. Bxf2 f5 27. Be3 Nd3 28.
Rc3 Bb5 29. Nd2 Nb2  0-1

[Event "Niederoesterreichische Landesliga 2014/2015"]
[Site "NOE"]
[Date "2015.03.15"]
[Round "10"]
[Board "3"]
[White "Ehs, Dominik"]
[Black "Reinwald, Patrick"]
[Result "0-1"]
[WhiteElo "2056"]
[BlackElo "2153"]
[PlyCount "90"]
[EventDate "2014.10.05"]
[EventType "team"]
[EventRounds "11"]
[EventCountry "AUT"]
[WhiteTeam "Schachklub Mostarrichi"]
[BlackTeam "SG Bisamberg/Korneuburg"]

1. c4 Nf6 2. Nc3 e6 3. e4 d5 4. e5 d4 5. exf6 dxc3 6. bxc3 Qxf6 7. Nf3 c5 8. d4
cxd4 9. cxd4 Bb4+ 10. Bd2 Bxd2+ 11. Qxd2 O-O 12. Be2 Rd8 13. O-O b6 14. Rfd1
Bb7 15. Qg5 Qxg5 16. Nxg5 Nc6 17. Nf3 Na5 18. Rac1 Rac8 19. c5 Bd5 20. cxb6
axb6 21. a3 f6 22. Rb1 Rc6 23. Rb4 Rcd6 24. Nd2 Nc6 25. Rxb6 Nxd4 26. Rxd6
Nxe2+ 27. Kf1 Rxd6 28. Kxe2 Bxg2 29. Ra1 Bb7 30. Nb3 Ba6+ 31. Ke1 Rd5 32. f3
Rh5 33. Kf2 Rxh2+ 34. Kg3 Rc2 35. Nd4 Rc3 36. Nxe6 Bb7 37. Rf1 Rxa3 38. Rf2 Bd5
39. Nf4 Ba8 40. Ne6 Kf7 41. Nd4 Rd3 42. Nf5 h5 43. Nh4 g5 44. Ng2 h4+ 45. Kg4
Kg6  0-1

[Event "Niederoesterreichische Landesliga 2014/2015"]
[Site "NOE"]
[Date "2015.03.15"]
[Round "10"]
[Board "4"]
[White "Sulzgruber, Robin"]
[Black "Steiner, Heinz"]
[Result "1-0"]
[WhiteElo "1973"]
[BlackElo "2108"]
[PlyCount "75"]
[EventDate "2014.10.05"]
[EventType "team"]
[EventRounds "11"]
[EventCountry "AUT"]
[WhiteTeam "SG Bisamberg/Korneuburg"]
[BlackTeam "Schachklub Mostarrichi"]

1. e4 c5 2. c3 d6 3. d4 Nf6 4. Bd3 Nc6 5. Nf3 g6 6. h3 Bg7 7. Be3 b6 8. O-O O-O
9. Nbd2 cxd4 10. cxd4 Nb4 11. Bc4 Bb7 12. a3 Nc6 13. d5 Nb8 14. Re1 Nbd7 15.
Bd4 a6 16. a4 a5 17. Nb1 Rc8 18. Bb5 Nc5 19. Nc3 e6 20. dxe6 fxe6 21. Ng5 Qe7
22. Bc4 h6 23. e5 hxg5 24. exf6 Bxf6 25. Bxc5 Rxc5 26. Rxe6 Qf7 27. Rxf6 Qxc4
28. Rxf8+ Kxf8 29. Qxd6+ Kg7 30. Re1 Rf5 31. Re7+ Rf7 32. Re6 Qf4 33. Rxg6+ Kh7
34. Rh6+ Kg7 35. Rg6+ Kh7 36. Qxf4 gxf4 37. Rxb6 f3 38. g4  1-0

[Event "Niederoesterreichische Landesliga 2014/2015"]
[Site "NOE"]
[Date "2015.03.15"]
[Round "10"]
[Board "1"]
[White "Teuber, Andreas"]
[Black "Wagner, Stefan"]
[Result "1/2-1/2"]
[WhiteElo "2176"]
[BlackElo "2121"]
[PlyCount "31"]
[EventDate "2014.10.05"]
[EventType "team"]
[EventRounds "11"]
[EventCountry "AUT"]
[WhiteTeam "SV Mistelbach"]
[BlackTeam "Litschau/Eisgarn"]

1. d4 Nf6 2. c4 c5 3. d5 b5 4. Nd2 Qa5 5. Qc2 bxc4 6. e4 Ba6 7. Bxc4 d6 8. Ne2
Bxc4 9. Qxc4 g6 10. O-O Bg7 11. f4 Qa6 12. Nc3 Qxc4 13. Nxc4 Nbd7 14. h3 Nb6
15. Ne3 Nfd7 16. Bd2  1/2-1/2